1588 1232 1229 1784 1152 1550 1347 1517 1189 1357 1423 1646 1206 1963 1395 1868 1159 1464 1361 1314 1099 1276 1879 1317 1971 1964 1266 1260 1453 1176 1784 1832 1142 1332 1543 1016 1509 1088 1086 1455 1079 1452 1027 1817 1936 1329 1036 1663 1456 1682 1640 1641 1992 1537 1134 1136 1411 1558 1300 1919 1367 1955 1408 1582 1613 1864 1964 1402 1233 1033 1933 1581 1757 1781 1514 1292 1946 1285 1865 1218 1131 1731 1586 1050 1072 1186 1253 1347 1906 1067 1827 1300 1608 1127 1452 1951 1426 1679 1814 BCNSPRNW ULIB Ver.6.0+V

เปลี่ยนเป็นภาษาไทย

Change to English
 แสดงรายละเอียดบรรณานุกรม
  กลับหน้าหลัก

Brief Record : Get Marc (ISO 2709) : E-mail record : QR code < ปิดหน้าต่าง
LEADER : 00000nam 2200000uu 4500
001    13399108810
003     ULIB
008    110315s2542||||th 000 0 tha d
020    9746617974
060 04 WY105^bฟ311ส 2542
100 0  ฟาริดา อิบราฮิม
245 10 สาระการบริหารการพยาบาล /^cฟาริดา อิบราฮิม
250    พิมพ์ครั้งที่ 2
260    กรุงเทพฯ :^bโครงการพัฒนาตำราสาขาพยาบาล คณะพยาบาลศาสตร์มหาวิทยาลัยมหิดล,^c2542
300    364 หน้า ;^c26 ซม.
650  7 การพยาบาล^xองค์การและการบริหาร
710 2  มหาวิทยาลัยมหิดล. ^bคณะพยาบาลศาสตร์.^bโครงการพัฒนาตำราสาขาพยาบาลศาสตร์
945    ^p300^l0^i028748
945    ^p300^l0^i014137
945    ^p300^l0^i014135
945    ^p300^l0^i014136
995    เกษร
999 ^a ใช้งานได้ทุกระบบ
รายการนี้ยังไม่มีแท็ก
คุณยังไม่ได้ล็อกอิน คุณสามารถมีกิจกรรมร่วมกับเว็บไซต์ได้ แต่ต้องล็อกอินก่อน ::
  ล็อกอิน

รายการสื่อสารสนเทศ

ลำดับที่ ประเภท เลขเรียก/บาร์โค้ด สถานที่ สถานะ
- ไม่พบข้อมูล -

รายการใกล้เคียง
    ผู้แต่ง [ฟาริดา อิบราฮิม]

BibComment


ยังไม่เคยถูกคอมเมนท์

คอมเมนท์ทรัพยากรรายการนี้
  คอมเมนท์: สาระการบริหารการพ..


 Copyright 2026. Bcnsprnw @Library